| 000 | 00902nam a22002297a 4500 | ||
|---|---|---|---|
| 005 | 20090828160652.0 | ||
| 008 | 090828t xxu||||| |||| 00| 0 eng d | ||
| 010 | _aENG-94959 | ||
| 020 |
_c126.00 _a9789380008684 |
||
| 035 | _aEN-78492 | ||
| 037 | _bDBAD / PUB | ||
| 040 |
_adpl _bEnglish |
||
| 082 | _a628.0154 | ||
| 100 | _aSivakumar, T. | ||
| 245 |
_aA text book of environmental chemistry and engineering: _cby T. Sivakumar _b(for undergraduate classes and all engineering students) / |
||
| 260 |
_aPerambalur _bMercury Printers & Publishers _c2007 |
||
| 270 |
_bPerambalur _e621212 |
||
| 300 |
_a124p. _c23cm((pbk) |
||
| 650 | _aSanitary engineering | ||
| 942 |
_2ddc _cEN _mSIV _h628.0154 |
||
| 999 |
_c29762 _d29762 |
||